| 000 | 00608nam a2200217 4500 | ||
|---|---|---|---|
| 003 | OSt | ||
| 005 | 20240722053956.0 | ||
| 006 | a | ||
| 008 | 240722b |||||||| |||| 00| 0 eng d | ||
| 020 | _a9789715848688 | ||
| 040 |
_aDWCL-Main lib. _cOC |
||
| 082 | _aFil. 336.24 Ur73i 2009 | ||
| 100 | _aUrbano, Bartolome R. | ||
| 245 | _aIncome taxation made available / | ||
| 260 |
_aQuezon City : _bC & E Pab., Inc., _cc2009. |
||
| 300 |
_avi, _b583p. ; _c22cm. |
||
| 504 | _aIncludes bibliographical references. | ||
| 650 | _a1. Income Tax. | ||
| 650 | _a2. Taxation. | ||
| 942 |
_2ddc _n0 _cBK - FIL _kFil. |
||
| 999 |
_c2515 _d2515 |
||